Skanska in at number one as civils work grows (Record no. 80798)

MARC details
000 -LEADER
fixed length control field 00969cab a22001935a 4500
001 - CONTROL NUMBER
control field L145412
008 - FIXED-LENGTH DATA ELEMENTS--GENERAL INFORMATION
fixed length control field 081006e20080918xxkdo f 000 0 eng d
035 ## - SYSTEM CONTROL NUMBER
System control number (Sirsi) u145412
041 0# - LANGUAGE CODE
Language code of text/sound track or separate title eng
110 2# - MAIN ENTRY--CORPORATE NAME
Corporate name or jurisdiction name as entry element Construction News
9 (RLIN) 2644
245 00 - TITLE STATEMENT
Title Skanska in at number one as civils work grows
260 ## - PUBLICATION, DISTRIBUTION, ETC.
Date of publication, distribution, etc. 2008
490 ## - SERIES STATEMENT
Series statement Construction News
Volume/sequential designation (7086) 18 September 2008, 16-17(2)
520 ## - SUMMARY, ETC.
Summary, etc. Reveals that Skanska is at the top of the monthly Emap Glenigan league table. Presents: a list of the 50 top contractors and the top 50 clients in August 2008; the 10 top civil contractors for the year to August 2008; a market forecast and analysis with the liste of 10 top public housing contractors for the year to August 2008. Details lists of contractors and clients by number of contracts and total value of contracts in millions of pounds.
590 ## - LOCAL NOTE (RLIN)
Local note KA
651 #4 - SUBJECT ADDED ENTRY--GEOGRAPHIC NAME
Geographic name England and Wales
Chronological subdivision 1543-
690 ## - LOCAL SUBJECT ADDED ENTRY--TOPICAL TERM (OCLC, RLIN)
Topical term or geographic name as entry element BUILT ENVIRONMENT-CONSTRUCTION MARKET
942 ## - ADDED ENTRY ELEMENTS (KOHA)
Suppress in OPAC 0
Holdings
Withdrawn status Lost status Source of classification or shelving scheme Damaged status Not for loan Home library Current library Shelving location Date acquired Total Checkouts Full call number Barcode Date last seen Copy number Price effective from Koha item type
    Dewey Decimal Classification     London London Journal article 06/10/2008   L145412 145412-1001 06/08/2019 1 06/08/2019 Journal article